000 01652nam a2200361 c 4500
003 BLK
005 20230406131341.0
008 180408b bul|||||r ||||||| ||bul||
010 _aKNG00092720000
020 _a978-954-07-2973-2
_bиздат.: Унив. изд. Св. Климент Охридски
040 _aBLK
041 _aBUL
_cBUL
080 _aТуризмът от стопанско гледище. Политика по отношение на туризма. Икономика и организация на туризма. Вътрешен и международен туризъм. Вж и 379.8
_b338.48
_x(075.8)
_z338.48(075.8)
100 1 _aСлавейков, Петър Лозанов
_d1956-2019
_gГеограф, историк, юрист
_9372144
700 1 _aНайденов, Климент Минев
_eсъавт.
_9302994
139 _aСлавейков, Петър Лозанов и др.
_bС 42
245 1 0 _aИкономика на туризма
_cПетър Лозанов Славейков; съавт. Климент Минев Найденов.
257 _aBGR
260 София
_bУнив. изд. Св. Климент Охридски
_c2009
300 _a223 с.
_bс табл., сх.
_c24 см
380 _a3
500 _aБиблиогр. с. 221.
504 _a221
650 4 _aТуризъм - икономика и организация
_9263794
653 _aтуризъм
653 _aикономика
653 _aучебници за ВУЗ
852 _aЦб 246045
856 4 _qpdf
_u
856 4 _qpdf
_u
942 _cKNG
_n0
_02
944 _aCR
_c20.11.2009
_lф /
_kГеновева_Генчева
944 _aED
_c04.12.2012
_lф /
_k
999 _c88064
_d88064